<?xml version="1.0" encoding="UTF-8"?>
<collection xmlns="http://www.loc.gov/MARC21/slim">
 <record>
  <leader>02605nas a22004091  4500</leader>
  <controlfield tag="001">1/50308</controlfield>
  <controlfield tag="008">020626c19899999gr mrzp           g0gre d</controlfield>
  <datafield tag="022" ind1=" " ind2=" ">
   <subfield code="a">1107-3950</subfield>
  </datafield>
  <datafield tag="035" ind1=" " ind2=" ">
   <subfield code="l">23882</subfield>
  </datafield>
  <datafield tag="040" ind1=" " ind2=" ">
   <subfield code="a">GR-PeUP</subfield>
  </datafield>
  <datafield tag="090" ind1=" " ind2=" ">
   <subfield code="a">Αλφαβητικη σειρά</subfield>
  </datafield>
  <datafield tag="245" ind1="0" ind2="0">
   <subfield code="a">Χρήμα &amp; αγορά</subfield>
  </datafield>
  <datafield tag="246" ind1="0" ind2="0">
   <subfield code="a">Χρήμα και Αγορά</subfield>
  </datafield>
  <datafield tag="260" ind1=" " ind2=" ">
   <subfield code="a">Αθήνα :</subfield>
   <subfield code="b">EuroCapital,</subfield>
   <subfield code="c">[1989]</subfield>
  </datafield>
  <datafield tag="300" ind1=" " ind2=" ">
   <subfield code="a">τ. :</subfield>
   <subfield code="b">εικ. ;</subfield>
   <subfield code="c">28 εκ.</subfield>
  </datafield>
  <datafield tag="310" ind1=" " ind2=" ">
   <subfield code="a">Μηνιαίο</subfield>
  </datafield>
  <datafield tag="362" ind1="0" ind2=" ">
   <subfield code="a">Τχ.47(Οκτ. 1992)-τχ.189(Δεκ. 2003)</subfield>
  </datafield>
  <datafield tag="362" ind1="0" ind2=" ">
   <subfield code="a">Τχ.190(Ιαν. 2004)-</subfield>
  </datafield>
  <datafield tag="546" ind1=" " ind2=" ">
   <subfield code="a">Ελληνική</subfield>
  </datafield>
  <datafield tag="650" ind1=" " ind2="4">
   <subfield code="a">Χρήμα</subfield>
   <subfield code="z">Ελλάδα</subfield>
   <subfield code="v">Περιοδικά.</subfield>
  </datafield>
  <datafield tag="650" ind1=" " ind2="4">
   <subfield code="a">Χρηματιστήριο Αξιών</subfield>
   <subfield code="v">Περιοδικά.</subfield>
  </datafield>
  <datafield tag="852" ind1=" " ind2=" ">
   <subfield code="a">INST</subfield>
   <subfield code="b">UNIPILB</subfield>
   <subfield code="c">SERIALS</subfield>
   <subfield code="e">20041122</subfield>
   <subfield code="h">Αλφαβητικη σειρά</subfield>
   <subfield code="p">37826</subfield>
   <subfield code="q">37826</subfield>
   <subfield code="t">NOLOAN</subfield>
   <subfield code="v">τεύχ.190:(Μήνας)Ιανουάριος;(Έτος)2004</subfield>
   <subfield code="y">23</subfield>
  </datafield>
  <datafield tag="852" ind1=" " ind2=" ">
   <subfield code="a">INST</subfield>
   <subfield code="b">UNIPILB</subfield>
   <subfield code="c">SERIALS</subfield>
   <subfield code="e">20041122</subfield>
   <subfield code="h">Αλφαβητικη σειρά</subfield>
   <subfield code="p">37827</subfield>
   <subfield code="q">37827</subfield>
   <subfield code="t">NOLOAN</subfield>
   <subfield code="v">τεύχ.191:(Μήνας)Φεβρουάριος;(Έτος)2004</subfield>
   <subfield code="y">23</subfield>
  </datafield>
  <datafield tag="852" ind1=" " ind2=" ">
   <subfield code="a">INST</subfield>
   <subfield code="b">UNIPILB</subfield>
   <subfield code="c">SERIALS</subfield>
   <subfield code="e">20041122</subfield>
   <subfield code="h">Αλφαβητικη σειρά</subfield>
   <subfield code="p">37828</subfield>
   <subfield code="q">37828</subfield>
   <subfield code="t">NOLOAN</subfield>
   <subfield code="v">τεύχ.192:(Μήνας)Μάρτιος;(Έτος)2004</subfield>
   <subfield code="y">23</subfield>
  </datafield>
  <datafield tag="852" ind1=" " ind2=" ">
   <subfield code="a">INST</subfield>
   <subfield code="b">UNIPILB</subfield>
   <subfield code="c">SERIALS</subfield>
   <subfield code="e">20041122</subfield>
   <subfield code="h">Αλφαβητικη σειρά</subfield>
   <subfield code="p">37829</subfield>
   <subfield code="q">37829</subfield>
   <subfield code="t">NOLOAN</subfield>
   <subfield code="v">τεύχ.193:(Μήνας)Απρίλιος;(Έτος)2004</subfield>
   <subfield code="y">23</subfield>
  </datafield>
  <datafield tag="852" ind1=" " ind2=" ">
   <subfield code="a">INST</subfield>
   <subfield code="b">UNIPILB</subfield>
   <subfield code="c">SERIALS</subfield>
   <subfield code="e">20041122</subfield>
   <subfield code="h">Αλφαβητικη σειρά</subfield>
   <subfield code="p">37830</subfield>
   <subfield code="q">37830</subfield>
   <subfield code="t">NOLOAN</subfield>
   <subfield code="v">τεύχ.194:(Μήνας)Μάιος;(Έτος)2004</subfield>
   <subfield code="y">23</subfield>
  </datafield>
  <datafield tag="852" ind1=" " ind2=" ">
   <subfield code="a">INST</subfield>
   <subfield code="b">UNIPILB</subfield>
   <subfield code="c">SERIALS</subfield>
   <subfield code="e">20041122</subfield>
   <subfield code="h">Αλφαβητικη σειρά</subfield>
   <subfield code="p">37831</subfield>
   <subfield code="q">37831</subfield>
   <subfield code="t">NOLOAN</subfield>
   <subfield code="v">τεύχ.195:(Μήνας)Ιούνιος;(Έτος)2004</subfield>
   <subfield code="y">23</subfield>
  </datafield>
  <datafield tag="852" ind1=" " ind2=" ">
   <subfield code="a">INST</subfield>
   <subfield code="b">UNIPILB</subfield>
   <subfield code="c">SERIALS</subfield>
   <subfield code="e">20041122</subfield>
   <subfield code="h">Αλφαβητικη σειρά</subfield>
   <subfield code="p">37832</subfield>
   <subfield code="q">37832</subfield>
   <subfield code="t">NOLOAN</subfield>
   <subfield code="v">τεύχ.198:(Μήνας)Σεπτέμβριος;(Έτος)2004</subfield>
   <subfield code="y">23</subfield>
  </datafield>
  <datafield tag="856" ind1="4" ind2="1">
   <subfield code="u">http://www.athenstock.com</subfield>
  </datafield>
  <datafield tag="900" ind1=" " ind2=" ">
   <subfield code="a">Τχ. 199 (Οκτώβριος 2004)</subfield>
   <subfield code="b">Οφειλόμενο</subfield>
   <subfield code="c">13/12/2004</subfield>
  </datafield>
  <datafield tag="900" ind1=" " ind2=" ">
   <subfield code="a">Τχ. 196 (Ιούλιος 2004)</subfield>
   <subfield code="b">Οφειλόμενο</subfield>
   <subfield code="c">13/12/2004</subfield>
  </datafield>
  <datafield tag="900" ind1=" " ind2=" ">
   <subfield code="a">Τχ. 197 (Αύγουστος 2004)</subfield>
   <subfield code="b">Οφειλόμενο</subfield>
   <subfield code="c">13/12/2004</subfield>
  </datafield>
  <datafield tag="950" ind1=" " ind2=" ">
   <subfield code="a">01/01/2004</subfield>
   <subfield code="c">EuroCapital - Χρηματοοικονομικές Υπηρεσίες</subfield>
   <subfield code="d">82</subfield>
  </datafield>
  <datafield tag="951" ind1=" " ind2=" ">
   <subfield code="a">198 (Σεπτέμβριος 2004)</subfield>
   <subfield code="b">Main run</subfield>
  </datafield>
  <datafield tag="951" ind1=" " ind2=" ">
   <subfield code="a">Τχ.47(Οκτ. 1992) - (τχ.189(Δεκ. 2003)</subfield>
   <subfield code="b">Main run</subfield>
  </datafield>
  <datafield tag="951" ind1=" " ind2=" ">
   <subfield code="a">191 (Φεβρουάριος 2004) - 195 (Ιούνιος 2004)</subfield>
   <subfield code="b">Main run</subfield>
  </datafield>
  <datafield tag="952" ind1=" " ind2=" ">
   <subfield code="a">(157)2001, (167, 169, 176)2002, (180, 182, 183)2003, (196, 197, 199)2004</subfield>
  </datafield>
 </record>
</collection>
